|
|
|
|
| LEADER |
00000nam0a2200000 4500 |
| 001 |
330094 |
| 005 |
20231102004227.0 |
| 035 |
|
|
|a (RuTPU)RU\TPU\book\355867
|
| 090 |
|
|
|a 330094
|
| 100 |
|
|
|a 20170328d1917 k y0rusy50 ca
|
| 101 |
0 |
|
|a rus
|
| 102 |
|
|
|a RU
|
| 105 |
|
|
|a a z 001zy
|
| 200 |
1 |
|
|a Понтический ярус
|f Н. Андрусов
|g РСФСР, Геологический комитет (Геолком) ; под общей ред. А. П. Карпинского
|
| 210 |
|
|
|a Петроград
|c Издание Геологического комитета
|d 1917
|
| 215 |
|
|
|a 41 с.
|c ил., 3 табл.
|
| 225 |
1 |
|
|a Геология России
|v Т. 4 (Неоген), ч. 2 (Плиоцен), вып. 2
|
| 320 |
|
|
|a Библиогр.: с. 37-39
|
| 606 |
1 |
|
|a Плиоценовые отложения
|2 stltpush
|3 (RuTPU)RU\TPU\subj\49246
|9 68047
|
| 610 |
1 |
|
|a понтический ярус
|
| 610 |
1 |
|
|a Россия
|
| 610 |
1 |
|
|a известняки
|
| 610 |
1 |
|
|a петрография
|
| 610 |
1 |
|
|a органические остатки
|
| 610 |
1 |
|
|a Керченский полуостров
|
| 610 |
1 |
|
|a Таманский полуостров
|
| 610 |
1 |
|
|a ископаемые животные
|
| 610 |
1 |
|
|a Сухумский округ
|
| 610 |
1 |
|
|a Бакинская губерния
|
| 610 |
1 |
|
|a библиотека М. А. Усова
|
| 675 |
|
|
|a 551.782.2
|v 4
|
| 700 |
|
1 |
|a Андрусов
|b Н.
|
| 702 |
|
1 |
|a Карпинский
|b А. П.
|c российский ученый
|c геолог
|c академик АН СССР
|f 1846/1847-1936
|g Александр Петрович
|2 stltpush
|3 (RuTPU)RU\TPU\pers\13364
|4 340
|9 4019
|
| 712 |
0 |
1 |
|a РСФСР
|b Геологический комитет (Геолком)
|c (1917-1922)
|2 stltpush
|3 (RuTPU)RU\TPU\col\22318
|
| 801 |
|
1 |
|a RU
|b 63413507
|c 20170328
|
| 801 |
|
2 |
|a RU
|b 63413507
|c 20170425
|g RCR
|
| 942 |
|
|
|c BK
|